Les vertebres fossiles de la formation pisco Perou

Uloženo v:
Podrobná bibliografie
Hlavní autor: Muizon, Christian de (auteur)
Médium: Kniha
Jazyk:francouzština
Vydáno: París Eds. A.D.P.F 1981
Edice:Recherche sur les grandes civilisations. Memoire, 6
Témata:
Tagy: Přidat tag
Žádné tagy, Buďte první, kdo vytvoří štítek k tomuto záznamu!

MARC

LEADER 00000nam a2200000 a 4500
001 UCX7237
003 CL-VaPUC
008 931202e19810000FR |||||||||||||||||fre|d
082 0 4 |a 566.0985  |b MUI  |2 21 
100 |a Muizon, Christian de  |e auteur  |9 324048 
245 1 4 |a Les vertebres fossiles de la formation pisco Perou 
300 |a v 
942 |c BK 
945 |d 19931202 00:00:00  |a mfernand 
260 |a París  |b Eds. A.D.P.F  |c 1981 
500 |a v.1: Deux nouveaux monachinae Phocidae, Mammalia du Plioc-ene de Sud-Sacaco 
650 0 |a Vertebrados  |x Fósiles   |9 262243 
650 7 |a PALEONTOLOGIA PLIOCENO  |2 CL-VaPUC  |9 324049 
583 |a last modification  |c 19931202 00:00:00  |k Rodrigo Vera 
490 0 |a Recherche sur les grandes civilisations. Memoire, 6 
999 |c 227111  |d 227109 
952 |0 0  |1 0  |4 0  |6 566_098500000000000_MUI_1981  |7 0  |8 A  |9 225904  |a BIBHIS  |b BIBHIS  |d 2019-11-15  |h v.1  |i 295303K  |o 566.0985 MUI 1981  |p 295303K  |r 2025-01-20  |w 2019-11-15  |y BK  |k HIS